Giant Word Ladder V Quiz Stats

Quiz Updated Aug 29, 2016

Challenge
Share
Tweet
Embed
Score 0/60 Timer 07:00
1 Play Today
Clue 4-Letter Word % Correct
Ten-cent pieceDIME
97.9%
Hemispherical roofDOME
91.2%
Wild pigBOAR
89%
'The Days of Our Lives,' e.g.SOAP
87.3%
Fly aloftSOAR
85.5%
Minestrone, e.g.SOUP
84.1%
'From ___ Till Dawn'DUSK
82.2%
___ into one's ownCOME
79.4%
Violent government overthrowCOUP
78.9%
A dark greenish blueTEAL
76.5%
Narrate or divulgeTELL
75.8%
'___! The Herald Angels Sing'HARK
75.5%
'The ___ Locker'HURT
73.5%
A window ledgeSILL
72.2%
An enlarged walrus toothTUSK
71%
Provide free tickets toCOMP
70.3%
___ eagleBALD
70.2%
Jethro ___TULL
69.8%
Hockey requirementPUCK
69.4%
Ursine creatureBEAR
67.1%
Lachrymal gland outputTEAR
64.2%
Tied-up hayBALE
64%
Jack or joker, e.g.CARD
63.8%
'Jimmy Crack ___'CORN
63.4%
The ___ of Avon: ShakepeareBARD
59.6%
Moss or Lorenz, e.g.HART
59.1%
[first rung of the ladder] times tenBUCK
58.7%
Me, myself or ISELF
58.6%
To restore healthCURE
55.1%
Sway or influencePULL
55%
Clue 4-Letter Word % Correct
Artificial bait for fishingLURE
54.3%
To be moodily silentSULK
53.7%
In large quantitiesBULK
53.6%
Beer brand on 'The Simpsons'DUFF
52.6%
TerseCURT
52.2%
Offer for a priceSELL
51.9%
Material made of woven strandsCORD
51.8%
Tough elastic between vertebraeDISK
50.9%
A person from AnkaraTURK
50.7%
Cutty ___SARK
49.9%
[first rung of the ladder], e.g.COIN
47.6%
Polio vaccine inventorSALK
46.9%
A dark redPUCE
46.3%
WholesomePURE
46%
To lie hiddenLURK
45.7%
A type of volcanic rockTUFF
45.7%
Hang tenSURF
43.9%
Knitting stitchPURL
43.3%
Pub projectileDART
41.9%
The grass on a sports fieldTURF
40%
A medieval laborerSERF
38.3%
GossipDIRT
29.1%
Clive Cussler's PittDIRK
28.3%
CrazyDAFT
22.7%
To make agitated and angryRILE
19.8%
Abnormal breathing soundRALE
19.6%
A small brookRILL
19%
DextrousDEFT
17.8%
DisregardDEFY
11.6%
French Fauvist painter RaoulDUFY
11.6%

You're not logged in!

Compare scores with friends on all Sporcle quizzes.
Sign Up with Email
OR
Log In

You Might Also Like...

Show Comments

Extras

Top Quizzes Today


Score Distribution

Your Account Isn't Verified!

In order to create a playlist on Sporcle, you need to verify the email address you used during registration. Go to your Sporcle Settings to finish the process.